| 000 | 00723nam a2200253Ia 4500 | ||
|---|---|---|---|
| 003 | OSt | ||
| 005 | 20220926013046.0 | ||
| 006 | a|||||r|||| 00| 0 | ||
| 007 | ta | ||
| 008 | 220923b |||||||| |||| 00| 0 eng d | ||
| 037 | _cGeneral Book | ||
| 040 |
_aRTL _cRTL _beng |
||
| 041 |
_2eng _aeng |
||
| 082 | _aY73(P6).73.N6, K5 | ||
| 100 |
_aBroom Leonard _911076 |
||
| 245 | 0 | _aTransformation of the Negro American | |
| 260 |
_aNew York _bHarper and Row _c1965 |
||
| 300 |
_axi, 207p _ccm. |
||
| 500 | _aBibliography: P 193-200 | ||
| 650 | _aNegroes | ||
| 700 |
_a Glenn Norval D _9239251 |
||
| 942 |
_hY73(P6).73.N6, K5 _cGB _2CC |
||
| 999 |
_c625109 _d625109 |
||